| 000 | 00374nam a22001457a 4500 | ||
|---|---|---|---|
| 008 | 250714b |||||||| |||| 00| 0 eng d | ||
| 020 | _a9789354494062 | ||
| 050 |
_aGN476.4 _b.S56 |
||
| 100 | _aSingh Surender | ||
| 245 | _aUrban Geography | ||
| 260 |
_aNP. _bPearson India Education Service pvt Ltd. |
||
| 300 |
_axv, 350p. _bill. |
||
| 650 | _aUrban Geography | ||
| 942 | _cBK | ||
| 999 |
_c4290 _d4290 |
||